000 00610cam a22002053a 4500
001 39141
003 PGUSA
005 20140828083853.0
008 120314s2012||||xxu|||||s|||||000 | eng d
040 _aPGUSA
_beng
042 _adc
100 1 _aBedini, Silvio A.,
_d1917-2007
245 1 0 _aEarly American Scientific Instruments and Their Makers
_h[electronic resource] /
_cSilvio A. Bedini
260 _bProject Gutenberg,
_c2012
506 _aPublic domain in the USA.
516 _aElectronic text
830 0 _aProject Gutenberg
_v39141
856 4 0 _uhttp://www.gutenberg.org/ebooks/39141
942 _cEB
999 _c268394
_d268394